| 000 | 00372 a2200157 4500 | ||
|---|---|---|---|
| 001 | 75695 | ||
| 020 | _a9788562832185 | ||
| 040 | _cAnchieta - Colégio São Paulo | ||
| 100 | _aLins, Bernardo | ||
| 240 | 1 | 0 |
_aChiquinho, Chico, Chicão _lpor |
| 245 | 1 | 0 | _aChiquinho, Chico, Chicão |
| 300 | _a25 | ||
| 362 | 0 | _a2015 | |
| 650 | 4 | _aLiteratura infanto-juvenil | |
| 942 | _cBK | ||
| 999 |
_c75695 _d75695 |
||